| 000 | 00445nam a2200181Ia 4500 | ||
|---|---|---|---|
| 001 | 22674 | ||
| 005 | 20260414150846.0 | ||
| 008 | 260414t2004||||xx |||||||||||||| ||spa|| | ||
| 041 | _aESP | ||
| 082 |
_a621.384 _bM514 |
||
| 100 |
_aMahafza, Bassem R. _eAUT |
||
| 245 | 0 |
_aMatlab : _bsimulations for radar systems design |
|
| 260 | _c2004 | ||
| 300 |
_a682 páginas : _c24 cm. |
||
| 650 | _aTCA | ||
| 654 | _aCET | ||
| 942 |
_cLIB _dJUS _fJUS _2ddc _n |
||
| 999 |
_c22674 _d22674 |
||